| 000 | 00930nam a2200205Ia 4500 | ||
|---|---|---|---|
| 003 | OSt | ||
| 005 | 20240320093208.0 | ||
| 007 | ca aa aaaaa | ||
| 008 | 201103s9999 xx 000 0 und d | ||
| 040 | _cost | ||
| 041 | _abur | ||
| 082 |
_a၂၉၄.၃၀၉၂ _bမိုး |
||
| 100 |
_a ဃောသိတ၊ အရှင် _917300 |
||
| 245 | 1 | 0 |
_aမိုးကုတ်ဆရာတော်ဘုရားကြီး၏တစ်ဘဝသာသနာ / _cအရှင်ဃောသိတ။ |
| 250 | _a တတိယအကြိမ်။ | ||
| 260 |
_aရန်ကုန် ၊ _bမိုးကုတ်ဝိပသနာတရားစဉ်နှင့်လုပ်ငန်းစဉ်ပြန့်ပွားရေးအဖွဲ့၊ _c၁၉၉၉။ |
||
| 300 |
_aတ၊ ၅၇၆ စာမျက်နှာ ၊ _c၂၇ စင်တီ။ |
||
| 500 | _aS-SAT: Prof. Sai Aung Tun | ||
| 942 |
_2ddc _cBK1 |
||
| 999 |
_c16675 _d16675 |
||